Granada Hospitality Ltd v SoS Environment and another (Record no. 67266)
[ view plain ]
| 000 -LEADER | |
|---|---|
| fixed length control field | 01064cam a2200181 4500 |
| 001 - CONTROL NUMBER | |
| control field | X113018 |
| 008 - FIXED-LENGTH DATA ELEMENTS--GENERAL INFORMATION | |
| fixed length control field | 000000n2001 000 0 eng u |
| 035 ## - SYSTEM CONTROL NUMBER | |
| System control number | (Sirsi) u113018 |
| 245 ## - TITLE STATEMENT | |
| Title | Granada Hospitality Ltd v SoS Environment and another |
| 260 ## - PUBLICATION, DISTRIBUTION, ETC. | |
| Date of publication, distribution, etc. | 2001 |
| 490 ## - SERIES STATEMENT | |
| Series statement | Property, Planning and Compensation Reports |
| Volume/sequential designation | [2001] 81 P&CR 505-519(13) |
| 520 ## - SUMMARY, ETC. | |
| Summary, etc. | QBD 22 June 2000. Town and country planning-Green belt-Motorway Service Area-Applications for extensions to existing accommodation refused. Policy guidance in respect of whether a high incidence of accidents due to driver fatigue related to new infill MSAs not additions to existing ones. Whether decision-maker applied this as a test which the developments had to pass-Whether obligation on decision maker to consider granting a lesser permission than one sought. (Taken from headnote) |
| 650 ## - SUBJECT ADDED ENTRY--TOPICAL TERM | |
| Topical term or geographic name entry element | GRANADA HOSPITALITY LITD V SOS ENVIRONMENT |
| 650 ## - SUBJECT ADDED ENTRY--TOPICAL TERM | |
| Topical term or geographic name entry element | GREEN BELT |
| 650 ## - SUBJECT ADDED ENTRY--TOPICAL TERM | |
| Topical term or geographic name entry element | MOTORWAY SERVICE AREAS |
| 690 ## - LOCAL SUBJECT ADDED ENTRY--TOPICAL TERM (OCLC, RLIN) | |
| Topical term or geographic name as entry element | ENVIRONMENTAL AND LAND CONSULTANCY-PLANNING AND DEVELOPMENT |
| 942 ## - ADDED ENTRY ELEMENTS (KOHA) | |
| Suppress in OPAC | 0 |
| Withdrawn status | Lost status | Source of classification or shelving scheme | Damaged status | Not for loan | Home library | Current library | Shelving location | Date acquired | Total Checkouts | Full call number | Barcode | Date last seen | Copy number | Price effective from | Koha item type |
|---|---|---|---|---|---|---|---|---|---|---|---|---|---|---|---|
| Dewey Decimal Classification | London | London | Journal article | 08/06/2001 | X113018 | 113018-1001 | 06/08/2019 | 1 | 06/08/2019 | Law report |